000 00545nam a2200229Ia 4500
003 OSt
005 20220918210205.0
006 a|||||r|||| 00| 0
007 ta
008 220917b |||||||| |||| 00| 0 eng d
024 _a119,532
037 _cTextual
040 _aARTS
_cARTS
_beng
041 _2eng
_aeng
082 _aV682:1:N2, G6
100 _aNewman P
_9117376
245 0 _aEthiopia realities
260 _c1936
650 _aHISTORY
942 _hV682:1:N2, G6
_cTEXL
_2CC
999 _c242796
_d242796